• 首页
  • 本馆介绍
  • 公告通知
  • 最新文献
  • 馆藏检索
  • 电子资源
  • 读者导购
  • 参考咨询
  • 我的图书馆
  • 登录
  • 详细信息显示
  • 放入我的书架
  • 预约/预借图书
  • 作者相关作品
  • 分类相关作品
  • 丛书相关作品
  • 出版社相关作品

书目信息

  • 表格格式
  • 工作单格式
  • 卡片格式
题名:
结构力学
    
 
作者: ;湖南大学结构理论教研组 编
分册: 上册  
出版信息: 北京   人民教育出版社  1958
页数: 202页
开本: 20cm
丛书名:
单 册:
中图分类: O342
科图分类:
主题词: 固体力学
电子资源:
ISBN:
000 00655nam0 2200217 450
001 0637259173
005 20060509104317.48
010    @dCNY0.75
091    @a15010.649
100    @a20060509d1958 km y0chiy0120 ea
101 0  @achi
102    @aCN@b110000
200 1  @a结构力学@Ajie gou li xue@h上册@f湖南大学结构理论教研组编@Fhu nan da xue jie gou li lun jiao yan zu bian
210    @a北京@c人民教育出版社@d1958
215    @a202页@d20cm
300    @a高等学校教学用书
606 0  @a固体力学
690    @aO342@v3
711  0 @a湖南大学结构理论教研组@Ahu nan da xue jie gou li lun jiao yan zu@4编
801  0 @aCN@bPFT@c20060509
905    @a10447@dO342@e10:1
    
    结构力学.上册/湖南大学结构理论教研组编.-北京:人民教育出版社,1958
    202页;20cm
    高等学校教学用书
    
    ISBN :CNY0.75
    
●
相关链接 在E读中查询图书 在五车中查询图书 在当当中查询图书 在豆瓣中查询图书


正题名:结构力学     索取号:O342/10:1         预约/预借

序号 登录号 条形码 馆藏地/架位号 状态 备注
1 0017228   202315789   密集书库/ [索取号:O342/10:1] 在馆    
唐山师范学院图书馆 欢迎您!
大连网信软件有限公司© 版权所有